Film dont le titre commence par un Q (2) - Statistiques

Statistiques générales
  • Ce quiz a été pris 6 fois
  • Le résultat moyen est 6 sur 30
Statistiques - réponses
Année Réalisateur Genre 1 acteur ou
1 actrice
Titre % Correct
2014 Philippe de Chauveron Comédie Chantal Lauby Qu'est ce qu'on a fait au Bon Dieu ?
83%
1938 Marcel Carné Drame Jean Gabin Quai des brumes
67%
1947 Henri-Georges Clouzot Policier Louis Jouvet Quai des Orfèvres
67%
2018 Philippe de Chauveron Comédie Christian Clavier Qu'est-ce qu'on a encore fait au Bon Dieu ?
67%
2008 Marc Forster Action Daniel Craig Quantum of solace
50%
2012 Bertrand Tavernier Comédie Thierry Lhermitte Quai d'Orsay
33%
1989 Rob Reiner Comédie Meg Ryan Quand Harry rencontre Sally
33%
1941 John Ford Comédie dramatique Maureen O'Hara Qu'elle était verte ma vallée
33%
1954 Byron Haskin Aventures Charlton Heston Quand la Marabunta gronde
17%
1976 Blake Edwards Comédie Peter Sellers Quand la panthère rose s'emmèle
17%
1950 John Huston Policier Marilyn Monroe Quand la ville dort
17%
1968 Brian Hutton Guerre Richard Burton Quand les aigles attaquent
17%
1957 Mikhail Kalatozov Drame Tatiana Samoïlova Quand passent les cigognes
17%
1984 Pedro Almodovar Comédie dramatique Carmen Maura Qu'est-ce que j'ai fait pour mériter ça ?
17%
1962 Robert Aldrich Drame psychologique Bette Davis Qu'est-il arrivé à Baby Jane ?
17%
1997 Valérie Lemercier Comédie Sandrine Kiberlain Quadrille
0%
1950 Emil Reinert Policier Henri Vidal Quai de Grenelle
0%
1956 Emile Couzinet Drame Louis Seigner Quai des illusions
0%
2006 Xavier Giannoli Comédie dramatique Gérard Depardieu Quand j'étais chanteur
0%
2003 Jacques Cortal Drame psychologique François Cluzet Quand je vois le soleil
0%
2004 Gilles Porte Comédie François Morel Quand la mer monte
0%
1955 William Witney Western Sterling Hayden Quand le clairon sonnera
0%
1936 Léo Joannon Policier Marie Bell Quand minuit sonnera
0%
1965 Leskey Selander Western Dana Andrews Quand parle la poudre
0%
1965 Edouard Molinaro Comédie Paul Meurisse Quand passent les faisans
0%
1953 Jean-Pierre Melville Drame psychologique Juliette Gréco Quand tu liras cette lettre
0%
1947 Victor Saville Drame Deborah Kerr Quand vient l'hiver
0%
1966 Blake Edwards Comédie James Coburn Qu'as tu fait à la guerre papa ?
0%
1971 Jacques Poitrenaud Comédie Michel Serrault Qu'est-ce qui fait courir les crocodiles ?
0%
1982 Coline Serreau Comédie Henri Garcin Qu'est ce qu'on attend pour être heureux ?
0%
Aucun quiz correspondant
Distribution des résultats
% des personnes avec chaque résultat
Percentile par nombre de réponses
Votre historique - résultats
Vous n’avez pas pris ce quiz